Qué esperar cuando se está esperando / (Registro nro. 7090)

Detalles MARC
000 -LEADER
fixed length control field 01267nam a22002657a 4500
003 - CONTROL NUMBER IDENTIFIER
control field OSt
005 - DATE AND TIME OF LATEST TRANSACTION
control field 20210202125901.0
008 - FIXED-LENGTH DATA ELEMENTS--GENERAL INFORMATION
fixed length control field 210202s2013 ck a|||gr|||| 00| 0 spa d
040 ## - CATALOGING SOURCE
Original cataloging agency CO-JMCR
Transcribing agency CO-JMCR
041 0# - LANGUAGE CODE
Language code of text/sound track or separate title spa
082 04 - DEWEY DECIMAL CLASSIFICATION NUMBER
Classification number 618.24 /
Item number E362q
Edition number 23
100 1# - MAIN ENTRY--PERSONAL NAME
Personal name Eisnberg, Arlene,
Relator term autora
9 (RLIN) 12971
245 ## - TITLE STATEMENT
Title Qué esperar cuando se está esperando /
Statement of responsibility, etc. Arlene Eisenberg, Heidi E. Murkoff, Sandee E. Hathaway ; Revisión y prólogo a la edición en español por el Dr. José M. Dexeus Trías de Bes
260 ## - PUBLICATION, DISTRIBUTION, ETC.
Place of publication, distribution, etc. Bogotá :
Name of publisher, distributor, etc. Norma,
Date of publication, distribution, etc. 2013
300 ## - PHYSICAL DESCRIPTION
Extent 550 páginas :
Other physical details ilustraciones a blanco y negro ;
Dimensions 23 cm.
505 0# - FORMATTED CONTENTS NOTE
Formatted contents note El principio -- Nueve meses y contando -- Casos especiales -- Para terminar pero no menos importante
520 0# - SUMMARY, ETC.
Summary, etc. Una guía que explica paso a paso el embrazo, el parto, el posparto y la forma más sana de alimentar a su hijo. Y además la dieta ideal para el embarazo y la lactancia.
650 24 - SUBJECT ADDED ENTRY--TOPICAL TERM
Topical term or geographic name entry element Periodo de embarazo
General subdivision Cuidado e higiene
9 (RLIN) 12972
650 24 - SUBJECT ADDED ENTRY--TOPICAL TERM
Topical term or geographic name entry element Cuidado prenatal
9 (RLIN) 12973
650 24 - SUBJECT ADDED ENTRY--TOPICAL TERM
Topical term or geographic name entry element Ejercicio para embarazadas
9 (RLIN) 12974
700 1# - ADDED ENTRY--PERSONAL NAME
Personal name Murkoff, Heidi E.,
Relator term autora
9 (RLIN) 12975
700 1# - ADDED ENTRY--PERSONAL NAME
Personal name Hathaway, Sandee E.,
Relator term autora
9 (RLIN) 12976
700 1# - ADDED ENTRY--PERSONAL NAME
Personal name Dexeus Trías de Bes, José M.,
Relator term prologuista
9 (RLIN) 12977
942 ## - ADDED ENTRY ELEMENTS (KOHA)
Source of classification or shelving scheme Dewey Decimal Classification
Koha item type Books
Existencias
Withdrawn status Lost status Source of classification or shelving scheme Damaged status Not for loan Home library Current library Shelving location Date acquired Source of acquisition Total Checkouts Full call number Barcode Date last seen Date last checked out Copy number Price effective from Koha item type
    Dewey Decimal Classification     Biblioteca Pública José María del Castillo y Rada Biblioteca Pública José María del Castillo y Rada General Stacks 10/02/2020 Donación 1 618.24 / E362q 201810166 04/06/2026 04/06/2026 Ej.1 10/02/2020 Books